[Event "BEM2013 Allgemeine Gruppe"]
[Site "Roses Westerndorf St. Peter"]
[Date "2013.08.27"]
[Round "4.8"]
[White "Nagy, Laszlo"]
[Black "Zill, Christoph"]
[Result "1/2-1/2"]
[WhiteElo "1945"]
[BlackElo "2205"]
[PlyCount "72"]
[EventDate "2013.??.??"]
[EventCountry "ESP"]
[WhiteTeam "SG Vogtareuth-Prutting"]
[BlackTeam "SK Freising"]

1. d4 e6 2. c4 f5 3. g3 Nf6 4. Bg2 Be7 5. Nc3 d6 6. Nf3 O-O 7. O-O a5 8. Re1
Ne4 9. Qc2 Nxc3 10. bxc3 Nc6 11. e4 e5 12. Ba3 f4 13. Rad1 Qe8 14. Qd2 fxg3 15.
fxg3 Bg4 16. h3 Bxf3 17. Bxf3 exd4 18. cxd4 Nxd4 19. Bg2 Nc6 20. e5 Nxe5 21.
Qd5+ Kh8 22. Qxb7 Qa4 23. Qxc7 Qxa3 24. Qxe7 Qxg3 25. Rf1 Nf3+ 26. Rxf3 Rxf3
27. Qxd6 Rc8 28. c5 Qf2+ 29. Kh1 Rf6 30. Qe7 h6 31. c6 Rg6 32. Be4 Qg3 33. Rd8+
Rxd8 34. Qxd8+ Kh7 35. Bxg6+ Kxg6 36. c7 Qe1+ 1/2-1/2

[Event "BEM2013 Allgemeine Gruppe"]
[Site "Roses Westerndorf St. Peter"]
[Date "2013.08.27"]
[Round "4.9"]
[White "Krenz, Dieter"]
[Black "Graf, Christian"]
[Result "1/2-1/2"]
[WhiteElo "2020"]
[BlackElo "2146"]
[PlyCount "43"]
[EventDate "2013.??.??"]
[EventCountry "ESP"]
[WhiteTeam "SC Prichsenstadt"]
[BlackTeam "SU Ebersberg-Grafing"]

1. e4 c6 2. d4 d5 3. Nc3 dxe4 4. Nxe4 Bf5 5. Ng3 Bg6 6. h4 h6 7. h5 Bh7 8. Nf3
Nd7 9. Bd3 Bxd3 10. Qxd3 Ngf6 11. Bd2 e6 12. O-O-O Qc7 13. Kb1 O-O-O 14. c4 c5
15. Bc3 cxd4 16. Bxd4 Bc5 17. Qe2 Bxd4 18. Nxd4 a6 19. b3 Nc5 20. Nf3 Rxd1+ 21.
Rxd1 Rd8 22. Rxd8+ 1/2-1/2

[Event "BEM2013 Allgemeine Gruppe"]
[Site "Roses Westerndorf St. Peter"]
[Date "2013.08.27"]
[Round "4.10"]
[White "Eichner, Manfred"]
[Black "Feldheim, Jonas"]
[Result "0-1"]
[WhiteElo "2042"]
[BlackElo "2009"]
[PlyCount "98"]
[EventDate "2013.??.??"]
[EventCountry "ESP"]
[WhiteTeam "SK 1908 Göggingen"]
[BlackTeam "SC Bechhofen 1923 e.V."]

1. e4 c5 2. Nf3 d6 3. Bb5+ Nd7 4. c3 Ngf6 5. Qe2 a6 6. Ba4 b5 7. Bc2 Bb7 8. O-O
g6 9. Rd1 Qc7 10. d3 Bg7 11. h3 e5 12. Nbd2 O-O 13. Nf1 d5 14. Ng3 h6 15. h4
Rad8 16. h5 Kh7 17. Bd2 dxe4 18. dxe4 c4 19. b4 cxb3 20. axb3 Nc5 21. c4 Ne6
22. Ba5 Qc5 23. Bxd8 Rxd8 24. hxg6+ fxg6 25. Rab1 Rf8 26. Qe3 Qc7 27. Bd3 Ng4
28. Qe2 Qf7 29. cxb5 axb5 30. Bxb5 Nf4 31. Ng5+ hxg5 32. Qxg4 Nxg2 33. Nf5 gxf5
34. Qxg2 Bxe4 35. Qh3+ Kg6 36. Rd6+ Bf6 37. Bc4 Qg7 38. f3 Rh8 39. Qg2 Qe7 40.
Rbd1 Ba8 41. Rd7 Qc5+ 42. Kf1 g4 43. R7d5 Bxd5 44. Rxd5 Qe3 45. fxg4 Qf4+ 46.
Kg1 fxg4 47. Be2 Qe3+ 48. Kf1 g3 49. Rd3 Rh1+ 0-1

[Event "BEM2013 Allgemeine Gruppe"]
[Site "Roses Westerndorf St. Peter"]
[Date "2013.08.27"]
[Round "4.11"]
[White "Eichinger, Christoph"]
[Black "Dirmeier, Carolin"]
[Result "1/2-1/2"]
[WhiteElo "1989"]
[BlackElo "2030"]
[PlyCount "79"]
[EventDate "2013.??.??"]
[EventCountry "ESP"]
[WhiteTeam "TSV Kareth-Lappersdorf"]
[BlackTeam "FC Bayern München e.V."]

1. e4 c5 2. Nf3 Nc6 3. Bb5 g6 4. O-O Bg7 5. c3 d6 6. Re1 Bd7 7. Bf1 Qc7 8. Na3
a6 9. h3 Nf6 10. d4 e5 11. Qc2 O-O 12. Be3 Ne7 13. dxe5 dxe5 14. Nc4 Nc8 15.
Red1 Rd8 16. b4 b6 17. a4 a5 18. Qb3 Ne7 19. Nfxe5 Be6 20. Qc2 Nc6 21. Nxc6
Qxc6 22. Rxd8+ Rxd8 23. Rd1 Rxd1 24. Qxd1 Nxe4 25. Qd8+ Bf8 26. Nxb6 cxb4 27.
cxb4 axb4 28. Bh6 Qd6 29. Qxf8+ Qxf8 30. Bxf8 Kxf8 31. a5 Nd6 32. a6 Nc8 33.
Nxc8 Bxc8 34. a7 Bb7 35. Bc4 f6 36. Kf1 Ke7 37. g3 Kd6 38. Ke2 Kc5 39. Kd3 Kb6
40. Kc2 1/2-1/2

[Event "BEM2013 Allgemeine Gruppe"]
[Site "Roses Westerndorf St. Peter"]
[Date "2013.08.27"]
[Round "4.12"]
[White "Schatz, Christian"]
[Black "Schlichtmann, Robin"]
[Result "1-0"]
[WhiteElo "2193"]
[BlackElo "1983"]
[PlyCount "59"]
[EventDate "2013.??.??"]
[EventCountry "ESP"]
[WhiteTeam "Schachklub Schweinfurt 2000 e.V."]
[BlackTeam "SK Bruckmühl e.V."]

1. Nf3 Nf6 2. d4 g6 3. Bg5 Bg7 4. Nbd2 d5 5. e3 c5 6. c3 Qb6 7. Qb3 O-O 8. Bd3
Bf5 9. Bxf5 gxf5 10. Bxf6 Bxf6 11. Qxd5 Qxb2 12. Rb1 Qa3 13. Qxb7 Na6 14. Qb3
Qa5 15. Nc4 Qd8 16. O-O cxd4 17. cxd4 Nc7 18. Nce5 Nd5 19. Rfc1 e6 20. Qb7 Rb8
21. Qxa7 Ra8 22. Qb7 Rxa2 23. g3 Bxe5 24. Nxe5 Qg5 25. Nd7 Rc8 26. Qxc8+ Kg7
27. Qf8+ Kg6 28. Ne5+ Kf6 29. Qh8+ Qg7 30. Qxg7+ 1-0

[Event "BEM2013 Allgemeine Gruppe"]
[Site "Roses Westerndorf St. Peter"]
[Date "2013.08.27"]
[Round "4.13"]
[White "Schelle, Artur"]
[Black "Probst, Albert"]
[Result "1-0"]
[WhiteElo "2210"]
[BlackElo "2123"]
[PlyCount "78"]
[EventDate "2013.??.??"]
[EventCountry "ESP"]
[WhiteTeam "SC Tarrasch 45 München"]
[BlackTeam "SK Bruckmühl e.V."]

1. e4 g6 2. d4 Bg7 3. Nc3 d6 4. Bg5 Nd7 5. Qd2 h6 6. Be3 Ngf6 7. f3 a6 8. O-O-O
b5 9. Kb1 e5 10. Nge2 Qe7 11. dxe5 dxe5 12. Nc1 Bb7 13. Nb3 Rd8 14. a4 O-O 15.
Bd3 b4 16. Na2 c5 17. a5 Kh7 18. Qf2 Rc8 19. Bc4 Rfd8 20. Rd2 Bf8 21. Rhd1 Qe8
22. Qh4 Ng8 23. Nac1 Be7 24. Qf2 Ngf6 25. Nd3 Qf8 26. Ndxc5 Nxc5 27. Rxd8 Rxd8
28. Rxd8 Qxd8 29. Bxc5 Qd1+ 30. Nc1 Bxc5 31. Qxc5 Bxe4 32. fxe4 Nxe4 33. Qd5
Qxd5 34. Bxd5 Nd2+ 35. Ka2 e4 36. Nb3 Nxb3 37. Kxb3 f5 38. Kxb4 g5 39. Kc4 g4
1-0

[Event "BEM2013 Allgemeine Gruppe"]
[Site "Roses Westerndorf St. Peter"]
[Date "2013.08.27"]
[Round "4.14"]
[White "Kunz, Konstantin"]
[Black "Müller, Michael"]
[Result "0-1"]
[WhiteElo "2174"]
[BlackElo "2091"]
[PlyCount "79"]
[EventDate "2013.??.??"]
[EventCountry "ESP"]
[WhiteTeam "SC Kitzingen von 1905"]
[BlackTeam "SC Bayerwald Regen/Zwiesel e.V."]

1. d4 c5 2. c3 Nf6 3. Nf3 e6 4. Bf4 b6 5. e3 Bb7 6. Nbd2 d5 7. Bd3 Be7 8. h3
Nbd7 9. Qc2 Qc8 10. a4 a6 11. b3 Qc6 12. O-O Ne4 13. Rfc1 f5 14. Ne5 Nxe5 15.
Bxe5 O-O 16. f3 Ng5 17. f4 Ne4 18. Nxe4 fxe4 19. Be2 Rfc8 20. Qd2 b5 21. a5 Bd6
22. Bxd6 Qxd6 23. b4 c4 24. Qe1 Rf8 25. Qh4 Qd8 26. Qxd8 Raxd8 27. g4 Bc8 28.
h4 g6 29. Kg2 Rd7 30. Rh1 Rg7 31. g5 Bd7 32. Bg4 Re7 33. h5 Be8 34. Rh4 Kg7 35.
Rah1 Kg8 36. Kg3 Kg7 37. Kf2 Kg8 38. Rg1 Kg7 39. Rgh1 Kg8 40. Kg2 0-1

[Event "BEM2013 Allgemeine Gruppe"]
[Site "Roses Westerndorf St. Peter"]
[Date "2013.08.27"]
[Round "4.15"]
[White "Jussupow, Nadia"]
[Black "Lochte, Thomas"]
[Result "1-0"]
[WhiteElo "2156"]
[BlackElo "2164"]
[PlyCount "91"]
[EventDate "2013.??.??"]
[EventCountry "ESP"]
[WhiteTeam "SK Krumbach"]
[BlackTeam "SK Weilheim"]

1. d4 Nf6 2. Nf3 g6 3. Nc3 d5 4. Bf4 Bg7 5. Qd2 Ne4 6. Nxe4 dxe4 7. Ne5 f6 8.
Nc4 Be6 9. e3 c6 10. h4 Nd7 11. f3 exf3 12. gxf3 Nb6 13. Nxb6 Qxb6 14. Qc3 f5
15. O-O-O Bd5 16. Rh3 O-O 17. Bc4 Qd8 18. h5 gxh5 19. Be5 Bxe5 20. dxe5 e6 21.
Rxh5 Qe8 22. Rg1+ Kh8 23. Rgh1 Rf7 24. Bxd5 cxd5 25. Qb4 Rc8 26. Qh4 Rcc7 27.
c3 Qe7 28. Qh3 b5 29. Kb1 a5 30. Rh6 b4 31. cxb4 axb4 32. e4 Qc5 33. Qh2 fxe4
34. fxe4 dxe4 35. Rxe6 e3 36. Re8+ Rf8 37. Re6 Rf2 38. Re8+ Rf8 39. Re6 Qd5 40.
Qh6 Qe4+ 41. Ka1 Qxh1+ 42. Qxh1 e2 43. Rf6 Rxf6 44. exf6 Kg8 45. Kb1 Rd7 46.
Qg2+ 1-0

[Event "BEM2013 Allgemeine Gruppe"]
[Site "Roses Westerndorf St. Peter"]
[Date "2013.08.28"]
[Round "5.1"]
[White "Stips, Felix"]
[Black "Baldauf, Marco"]
[Result "1/2-1/2"]
[WhiteElo "2287"]
[BlackElo "2412"]
[PlyCount "158"]
[EventDate "2013.??.??"]
[EventCountry "ESP"]
[WhiteTeam "TSV Bindlach Aktionär-Schachabte"]
[BlackTeam "SG Pang-Rosenheim 1910 e.V."]

1. Nf3 Nf6 2. c4 c5 3. Nc3 b6 4. g3 Bb7 5. Bg2 g6 6. d4 cxd4 7. Qxd4 Bg7 8. b3
d6 9. Bb2 O-O 10. O-O Nbd7 11. Rac1 Rc8 12. Rfd1 a6 13. Qe3 Re8 14. h3 Rc5 15.
Nd4 Bxg2 16. Kxg2 Qb8 17. a4 Qb7+ 18. Qf3 Qxf3+ 19. exf3 Rec8 20. Ba3 R5c7 21.
Rb1 Nc5 22. Nc2 e6 23. Ne3 Rd7 24. Ne2 h6 25. Bb2 Rcd8 26. Nf4 Rb8 27. Nd3 Nxd3
28. Rxd3 b5 29. cxb5 axb5 30. a5 b4 31. Bd4 Ra8 32. Ra1 Ne8 33. Nc4 Ra6 34. Ra4
d5 35. Bb6 Bc3 36. Na3 d4 37. Nc2 Rb7 38. Nxb4 Rbxb6 39. axb6 Rxb6 40. Na2 Bb2
41. b4 Nc7 42. Rb3 Ba1 43. f4 h5 44. Kf3 Kh7 45. Rb1 Bc3 46. Nxc3 dxc3 47. b5
Nxb5 48. Ke3 Rc6 49. Kd3 Nc7 50. Kc2 Nd5 51. Rb7 Rb6 52. Rba7 Rb7 53. Rxb7 h4
54. Kd3 hxg3 55. fxg3 Nf6 56. Rb1 Nd5 57. Rba1 Kh6 58. Ra7 Kg7 59. Rd7 Nf6 60.
Rd4 Nd5 61. g4 Kf6 62. h4 c2 63. Rc4 c1=Q 64. Raxc1 Nxf4+ 65. Ke4 Nd5 66. Rf1+
Kg7 67. Ke5 Ne3 68. Rg1 Nd5 69. Rd1 Ne3 70. Rdd4 Ng2 71. g5 Ne3 72. Ra4 Nf5 73.
Rf4 Ne7 74. Kd6 Nf5+ 75. Kd7 Ne3 76. Ke8 Nf5 77. Ra8 Nd6+ 78. Ke7 Nf5+ 79. Ke8
Nd6+ 1/2-1/2

[Event "BEM2013 Allgemeine Gruppe"]
[Site "Roses Westerndorf St. Peter"]
[Date "2013.08.28"]
[Round "5.2"]
[White "Reich, Thomas"]
[Black "Knechtel, Roland"]
[Result "1-0"]
[WhiteElo "2382"]
[BlackElo "2221"]
[PlyCount "101"]
[EventDate "2013.??.??"]
[EventCountry "ESP"]
[WhiteTeam "FC Bayern München e.V."]
[BlackTeam "SV Röhrnbach e.V."]

1. d4 d5 2. Bf4 Nf6 3. e3 Bf5 4. c4 c6 5. Nc3 e6 6. Qb3 Qc8 7. cxd5 exd5 8. Rc1
a6 9. Nf3 Nbd7 10. Ne5 Be7 11. Be2 O-O 12. g4 Be6 13. f3 Ne8 14. Nd3 Bd6 15.
Bg3 Bxg3+ 16. hxg3 Nd6 17. Nf4 Re8 18. Nxe6 fxe6 19. Qc2 Nf8 20. f4 Qd8 21. Bd3
g6 22. Nb1 Rc8 23. Nd2 Rc7 24. Nf3 Rg7 25. g5 Nd7 26. Kf2 Rf8 27. Kg2 Nf5 28.
Qd2 Qb6 29. Rc2 c5 30. Bxf5 Rxf5 31. dxc5 Nxc5 32. Qd4 Nd7 33. Qxb6 Nxb6 34.
Nd4 Nc4 35. Nxf5 gxf5 36. Kf3 Rc7 37. Rh6 Re7 38. Rch2 Nd6 39. g6 hxg6 40.
Rxg6+ Kf7 41. Rh7+ Kf8 42. Rxe7 Kxe7 43. Rg7+ Nf7 44. Rh7 Ke8 45. Ke2 Ke7 46.
Kd3 Kf6 47. Kd4 b6 48. b4 a5 49. bxa5 bxa5 50. Kc5 a4 51. a3 1-0

[Event "BEM2013 Allgemeine Gruppe"]
[Site "Roses Westerndorf St. Peter"]
[Date "2013.08.28"]
[Round "5.3"]
[White "Lentrodt, Thomas"]
[Black "Willim, Michael"]
[Result "1/2-1/2"]
[WhiteElo "2274"]
[BlackElo "2111"]
[PlyCount "108"]
[EventDate "2013.??.??"]
[EventCountry "ESP"]
[WhiteTeam "FC Bayern München e.V."]
[BlackTeam "SC Erlangen 48/88 e.V."]

1. d4 Nf6 2. c4 e6 3. Nf3 Bb4+ 4. Bd2 c5 5. Bxb4 cxb4 6. g3 O-O 7. Nbd2 d6 8.
Bg2 Nc6 9. O-O e5 10. d5 Nb8 11. Ne1 Na6 12. Nd3 Qb6 13. a3 Bf5 14. Nxb4 Nxb4
15. axb4 Qxb4 16. e4 Bg4 17. Qc2 b5 18. Rfc1 Rfc8 19. Qc3 Qxc3 20. bxc3 bxc4
21. Bf1 Kf8 22. f3 Bd7 23. Nxc4 Ke7 24. Na5 Rc7 25. c4 Rb8 26. Rcb1 Rb6 27. Kf2
Ke8 28. Ke3 Rc8 29. Rxb6 axb6 30. Nb3 Rb8 31. Ra7 Bc8 32. Kd2 Nd7 33. Kc3 Rb7
34. Ra8 Rb8 35. Ra7 Rb7 36. Ra1 Nb8 37. Ra8 Kd8 38. Nc1 Kc7 39. Nd3 Nd7 40. Bh3
Rb8 41. Ra7+ Rb7 42. Ra1 Kb8 43. Nb4 Kc7 44. Ra8 Rb8 45. Rxb8 Nxb8 46. Bxc8
Kxc8 47. Kb3 Nd7 48. Nc6 Kc7 49. Ne7 Nc5+ 50. Kc3 Kd7 51. Nf5 g6 52. Ne3 Na4+
53. Kb4 Nc5 54. Kc3 Na4+ 1/2-1/2

[Event "BEM2013 Allgemeine Gruppe"]
[Site "Roses Westerndorf St. Peter"]
[Date "2013.08.28"]
[Round "5.4"]
[White "Feldheim, Jonas"]
[Black "Pohl-Kuemmel, Jens-Uwe"]
[Result "1/2-1/2"]
[WhiteElo "2009"]
[BlackElo "2292"]
[PlyCount "47"]
[EventDate "2013.??.??"]
[EventCountry "ESP"]
[WhiteTeam "SC Bechhofen 1923 e.V."]
[BlackTeam "TSV Wacker Neutraubling"]

1. e4 c5 2. d4 cxd4 3. c3 d3 4. Bxd3 Nc6 5. Nf3 g6 6. O-O Bg7 7. c4 d6 8. h3
Nf6 9. Nc3 O-O 10. Be3 Nd7 11. Rc1 Nc5 12. Bb1 b6 13. Qe2 Bb7 14. b3 Rc8 15.
Rfd1 Rc7 16. Nd5 Rd7 17. b4 Ne6 18. a3 Re8 19. Rd2 Nf8 20. Nh2 e5 21. f4 exf4
22. Nxf4 Ne6 23. Nf3 Ne5 24. Nxe5 1/2-1/2

[Event "BEM2013 Allgemeine Gruppe"]
[Site "Roses Westerndorf St. Peter"]
[Date "2013.08.28"]
[Round "5.5"]
[White "Wilfert, André"]
[Black "Schmid, Roland"]
[Result "0-1"]
[WhiteElo "2057"]
[BlackElo "2235"]
[PlyCount "95"]
[EventDate "2013.??.??"]
[EventCountry "ESP"]
[WhiteTeam "1.FC Marktleuthen"]
[BlackTeam "TSV Wacker Neutraubling"]

1. c4 Nf6 2. Nc3 e6 3. g3 d5 4. cxd5 exd5 5. d4 Be7 6. Bg2 c6 7. Nf3 O-O 8. O-O
Bf5 9. Qb3 Qb6 10. Qxb6 axb6 11. Nh4 Be6 12. a3 b5 13. Bd2 Nbd7 14. Nf3 Nb6 15.
Ne5 Nfd7 16. Nxd7 Bxd7 17. Na2 Bf6 18. e3 Bf5 19. Bf3 Rfe8 20. Bb4 g5 21. Rfc1
Nc4 22. Bc3 g4 23. Bd1 h5 24. Bc2 Bxc2 25. Rxc2 Kg7 26. Nb4 h4 27. Kg2 Rh8 28.
Re2 Nd6 29. Nd3 Rh6 30. Nc5 Rah8 31. Rh1 b6 32. Nd7 Ne4 33. Nxb6 Ng5 34. Kf1
Nf3 35. Nd7 hxg3 36. fxg3 Nxh2+ 37. Kg2 Nf3 38. Rxh6 Rxh6 39. Rf2 Bg5 40. Ne5
Nxe5 41. dxe5 Bxe3 42. e6+ d4 43. Rxf7+ Kh8 44. Bb4 Rxe6 45. Rd7 Rf6 46. Bc5
Rf2+ 47. Kh1 Rxb2 48. Bxd4+ 0-1

[Event "BEM2013 Allgemeine Gruppe"]
[Site "Roses Westerndorf St. Peter"]
[Date "2013.08.28"]
[Round "5.6"]
[White "Straub, Jürgen"]
[Black "Krenz, Dieter"]
[Result "1/2-1/2"]
[WhiteElo "2218"]
[BlackElo "2020"]
[PlyCount "107"]
[EventDate "2013.??.??"]
[EventCountry "ESP"]
[WhiteTeam "SK Ingolstadt"]
[BlackTeam "SC Prichsenstadt"]

1. e4 Nf6 2. e5 Nd5 3. d4 d6 4. Nf3 Bg4 5. Be2 e6 6. O-O Be7 7. h3 Bh5 8. c4
Nb6 9. Nc3 O-O 10. Be3 d5 11. b3 dxc4 12. bxc4 c6 13. Qb3 Qc8 14. a4 N6d7 15.
Rfb1 b6 16. a5 Na6 17. Bf4 Bg6 18. Rb2 Rd8 19. axb6 axb6 20. Rba2 Nc7 21. Rxa8
Nxa8 22. Ra7 Qb7 23. Qa4 Nc7 24. Ne1 h6 25. Kf1 Bf8 26. Bf3 b5 27. Qa5 Bb4 28.
Qxc7 Qxc7 29. Rxc7 Bxc3 30. cxb5 Bxd4 31. bxc6 Nxe5 32. Rb7 Rc8 33. Bxe5 Bxe5
34. Ke2 f6 35. Nd3 Bxd3+ 36. Kxd3 Rc7 37. Rb8+ Kf7 38. Ra8 Ke7 39. Kc4 Kd6 40.
Rd8+ Ke7 41. Rd2 Bd6 42. Kb5 Be5 43. Kb6 Bd6 44. Re2 Rc8 45. Bg4 Rb8+ 46. Ka7
e5 47. Rd2 Rf8 48. c7 f5 49. Bxf5 Bxc7 50. Rd7+ Ke8 51. Bg4 Ba5 52. Rd5 Bc3 53.
f3 Ke7 54. Rd7+ 1/2-1/2

[Event "BEM2013 Allgemeine Gruppe"]
[Site "Roses Westerndorf St. Peter"]
[Date "2013.08.28"]
[Round "5.7"]
[White "Zill, Christoph"]
[Black "Dirmeier, Carolin"]
[Result "1-0"]
[WhiteElo "2205"]
[BlackElo "2030"]
[PlyCount "83"]
[EventDate "2013.??.??"]
[EventCountry "ESP"]
[WhiteTeam "SK Freising"]
[BlackTeam "FC Bayern München e.V."]

1. e4 c5 2. Nf3 Nc6 3. Nc3 d6 4. d4 cxd4 5. Nxd4 e5 6. Nf3 Nf6 7. Bg5 Be7 8.
Be2 O-O 9. O-O Be6 10. Bxf6 Bxf6 11. Nd5 Ne7 12. Nxf6+ gxf6 13. Qd2 d5 14. exd5
Nxd5 15. Qh6 Nf4 16. Bd3 Nxd3 17. cxd3 Kh8 18. Rfd1 Rg8 19. d4 e4 20. Nh4 Bg4
21. Rd2 Rg5 22. g3 Qd6 23. Rc1 Rh5 24. Qe3 Rxh4 25. gxh4 Bf3 26. Rdc2 Qd7 27.
Kf1 Rg8 28. Ke1 f5 29. Rc7 Rg1+ 30. Kd2 Rd1+ 31. Rxd1 Qxc7 32. Rc1 Qd8 33. Rg1
f4 34. Qc3 f6 35. Rc1 e3+ 36. fxe3 fxe3+ 37. Kxe3 Bc6 38. Qc5 Qe8+ 39. Kd2 a6
40. Re1 Qf7 41. Qe7 Qxe7 42. Rxe7 1-0

[Event "BEM2013 Allgemeine Gruppe"]
[Site "Roses Westerndorf St. Peter"]
[Date "2013.08.28"]
[Round "5.8"]
[White "Wittmann, Helmut"]
[Black "Schatz, Christian"]
[Result "1-0"]
[WhiteElo "2093"]
[BlackElo "2193"]
[PlyCount "62"]
[EventDate "2013.??.??"]
[EventCountry "ESP"]
[WhiteTeam "BSG Wöhrlhaus Erlangen"]
[BlackTeam "Schachklub Schweinfurt 2000 e.V."]

1. g3 Nf6 2. Bg2 g6 3. e4 d6 4. d4 Bg7 5. Ne2 O-O 6. O-O e5 7. Nbc3 c6 8. d5
cxd5 9. Nxd5 Nxd5 10. Qxd5 Qc7 11. Qd2 Be6 12. b3 Na6 13. Ba3 Nc5 14. Nc3 Qa5
15. Bb2 Rad8 16. a3 Bxb3 17. cxb3 Nxb3 18. Qd5 Qxd5 19. Nxd5 Nxa1 20. Bxa1 Rb8
21. Bc3 Rfd8 22. Ba5 b6 23. Bd2 Bf8 24. h3 h6 25. Rc1 f5 26. Rc7 Kh8 27. exf5
Rdc8 28. Rxa7 Ra8 29. Rf7 gxf5 30. Nxb6 Kg8 31. Bd5 Bg7 1-0

[Event "BEM2013 Allgemeine Gruppe"]
[Site "Roses Westerndorf St. Peter"]
[Date "2013.08.28"]
[Round "5.9"]
[White "Kapfer, Ulrich"]
[Black "Bintakies, Michael"]
[Result "1/2-1/2"]
[WhiteElo "1937"]
[BlackElo "2189"]
[PlyCount "25"]
[EventDate "2013.??.??"]
[EventCountry "ESP"]
[WhiteTeam "SC Dillingen"]
[BlackTeam "SK Kriegshaber"]

1. d4 f5 2. c4 Nf6 3. Nc3 g6 4. Nf3 Bg7 5. Bf4 O-O 6. e3 d6 7. h4 Nc6 8. Be2 h6
9. Rc1 Ne4 10. Nxe4 fxe4 11. Nd2 Nxd4 12. Nxe4 Nxe2 13. Qxe2 1/2-1/2

[Event "BEM2013 Allgemeine Gruppe"]
[Site "Roses Westerndorf St. Peter"]
[Date "2013.08.28"]
[Round "5.10"]
[White "Graf, Christian"]
[Black "Nagy, Laszlo"]
[Result "1/2-1/2"]
[WhiteElo "2146"]
[BlackElo "1945"]
[PlyCount "58"]
[EventDate "2013.??.??"]
[EventCountry "ESP"]
[WhiteTeam "SU Ebersberg-Grafing"]
[BlackTeam "SG Vogtareuth-Prutting"]

1. e4 c5 2. Nf3 d6 3. Bb5+ Bd7 4. Bxd7+ Qxd7 5. c4 Nc6 6. d4 cxd4 7. Nxd4 g6 8.
O-O Bg7 9. Be3 Nf6 10. f3 O-O 11. Nc3 Rac8 12. b3 b6 13. Qd2 Qb7 14. Nde2 a6
15. a4 Nd7 16. Bh6 Nc5 17. Bxg7 Kxg7 18. Rab1 Rfd8 19. Rfd1 a5 20. Nd5 f6 21.
Nd4 Kf7 22. Qh6 Rh8 23. Nb5 Rcd8 24. Qe3 Rd7 25. Rf1 Kg7 26. f4 Rf8 27. Kh1 e6
28. Ndc3 Qb8 29. Ne2 d5 1/2-1/2

[Event "BEM2013 Allgemeine Gruppe"]
[Site "Roses Westerndorf St. Peter"]
[Date "2013.08.28"]
[Round "5.11"]
[White "Müller, Michael"]
[Black "Schelle, Artur"]
[Result "0-1"]
[WhiteElo "2091"]
[BlackElo "2210"]
[PlyCount "37"]
[EventDate "2013.??.??"]
[EventCountry "ESP"]
[WhiteTeam "SC Bayerwald Regen/Zwiesel e.V."]
[BlackTeam "SC Tarrasch 45 München"]

1. e4 d5 2. d3 dxe4 3. dxe4 Qxd1+ 4. Kxd1 Nc6 5. c3 e5 6. Be3 f5 7. exf5 Bxf5
8. Ne2 O-O-O+ 9. Nd2 Nf6 10. Ng3 Bg6 11. Bb5 Nd5 12. Bg5 Rd7 13. Be2 h6 14. Be3
h5 15. Bf3 Be7 16. Nge4 Rhd8 17. Be2 Nf4 18. Bxf4 exf4 19. b3 0-1

[Event "BEM2013 Allgemeine Gruppe"]
[Site "Roses Westerndorf St. Peter"]
[Date "2013.08.28"]
[Round "5.12"]
[White "Jussupow, Nadia"]
[Black "Eichinger, Christoph"]
[Result "1-0"]
[WhiteElo "2156"]
[BlackElo "1989"]
[PlyCount "108"]
[EventDate "2013.??.??"]
[EventCountry "ESP"]
[WhiteTeam "SK Krumbach"]
[BlackTeam "TSV Kareth-Lappersdorf"]

1. e4 c5 2. d4 cxd4 3. c3 Nf6 4. e5 Nd5 5. Qxd4 e6 6. Nf3 Nc6 7. Qe4 f5 8. Qe2
a6 9. g3 b5 10. Bg2 Bb7 11. O-O Rc8 12. Nh4 Nde7 13. Bg5 Qb6 14. Nd2 Kf7 15. a4
Ng6 16. Ndf3 Bc5 17. Rad1 Nb8 18. b4 Be7 19. Bxe7 Kxe7 20. Nxg6+ hxg6 21. Rd6
Qc7 22. axb5 axb5 23. Qxb5 Bxf3 24. Bxf3 Qxc3 25. Rfd1 Rhd8 26. Bb7 Rc4 27. Qa5
Rc7 28. R6d3 Qc4 29. Qb6 Qc2 30. b5 Qc5 31. Qd6+ Kf7 32. Bc6 Qxd6 33. Rxd6 Nxc6
34. bxc6 Ke7 35. cxd7 Rcxd7 36. Rxd7+ Rxd7 37. Rxd7+ Kxd7 38. f4 Kc6 39. Kg2 g5
40. fxg5 Kd5 41. h4 Kxe5 42. h5 f4 43. gxf4+ Kf5 44. Kf3 e5 45. h6 gxh6 46.
gxh6 Kg6 47. fxe5 Kxh6 48. Ke4 Kg7 49. Kd5 Kf7 50. Kd6 Ke8 51. Ke6 Kd8 52. Kf6
Ke8 53. Ke6 Kf8 54. Kd6 Ke8 1-0

[Event "BEM2013 Allgemeine Gruppe"]
[Site "Roses Westerndorf St. Peter"]
[Date "2013.08.28"]
[Round "5.13"]
[White "Schindler, Viktor"]
[Black "Eichner, Manfred"]
[Result "1/2-1/2"]
[WhiteElo "2120"]
[BlackElo "2042"]
[PlyCount "43"]
[EventDate "2013.??.??"]
[EventCountry "ESP"]
[WhiteTeam "PTSV SK Hof 1892"]
[BlackTeam "SK 1908 Göggingen"]

1. e4 Nc6 2. Nf3 g6 3. Nc3 Bg7 4. d4 d6 5. h3 Nf6 6. Be2 O-O 7. O-O a6 8. a4 e5
9. dxe5 dxe5 10. Be3 Be6 11. Ng5 Nd4 12. Nxe6 fxe6 13. Bd3 Nh5 14. Ne2 Qh4 15.
Nxd4 exd4 16. Bd2 Nf6 17. Qe2 e5 18. Kh2 Nh5 19. Qg4 Qe7 20. Bg5 Bf6 21. Bh6
Bg7 22. Bg5 1/2-1/2

[Event "BEM2013 Allgemeine Gruppe"]
[Site "Roses Westerndorf St. Peter"]
[Date "2013.08.28"]
[Round "5.14"]
[White "Schlichtmann, Robin"]
[Black "Probst, Albert"]
[Result "1/2-1/2"]
[WhiteElo "1983"]
[BlackElo "2123"]
[PlyCount "31"]
[EventDate "2013.??.??"]
[EventCountry "ESP"]
[WhiteTeam "SK Bruckmühl e.V."]
[BlackTeam "SK Bruckmühl e.V."]

1. e4 g6 2. d4 Bg7 3. Nc3 d6 4. f4 a6 5. Nf3 Nd7 6. Bd3 c5 7. d5 b5 8. O-O Qc7
9. Be3 Ngf6 10. Qe1 Ng4 11. Bd2 c4 12. h3 Qc5+ 13. Kh1 h5 14. hxg4 hxg4+ 15.
Nh2 cxd3 16. cxd3 1/2-1/2

[Event "BEM2013 Allgemeine Gruppe"]
[Site "Roses Westerndorf St. Peter"]
[Date "2013.08.28"]
[Round "5.15"]
[White "Lochte, Thomas"]
[Black "Kunz, Konstantin"]
[Result "0-1"]
[WhiteElo "2164"]
[BlackElo "2174"]
[PlyCount "58"]
[EventDate "2013.??.??"]
[EventCountry "ESP"]
[WhiteTeam "SK Weilheim"]
[BlackTeam "SC Kitzingen von 1905"]

1. e4 c5 2. d4 cxd4 3. c3 Nf6 4. e5 Nd5 5. Qxd4 e6 6. Nf3 Nc6 7. Qe4 f5 8. Qe2
d6 9. g3 dxe5 10. Nxe5 Nxe5 11. Qxe5 Qd6 12. Qe2 Be7 13. Nd2 O-O 14. Nc4 Qc7
15. Qe5 Qc6 16. Na5 Qa4 17. Nb3 Bf6 18. Qe2 Nxc3 19. bxc3 Bxc3+ 20. Bd2 Bxa1
21. Nxa1 Qxa2 22. Qe5 Rd8 23. Bc1 Qb1 24. Qc7 Qb4+ 25. Ke2 Bd7 26. f3 Qd4 27.
Be3 Qxa1 28. Bg5 Bb5+ 29. Kf2 Qb2+ 0-1

[Event "BEM2013 Allgemeine Gruppe"]
[Site "Roses Westerndorf St. Peter"]
[Date "2013.08.28"]
[Round "6.1"]
[White "Stips, Felix"]
[Black "Reich, Thomas"]
[Result "1-0"]
[WhiteElo "2287"]
[BlackElo "2382"]
[PlyCount "54"]
[EventDate "2013.??.??"]
[EventCountry "ESP"]
[WhiteTeam "TSV Bindlach Aktionär-Schachabte"]
[BlackTeam "FC Bayern München e.V."]

1. Nf3 Nf6 2. c4 g6 3. Nc3 Bg7 4. e4 O-O 5. d4 d6 6. Be2 Bg4 7. Be3 Nfd7 8. Rc1
a6 9. d5 c5 10. a4 Qb6 11. Qc2 e5 12. O-O Qd8 13. Ne1 Bxe2 14. Qxe2 a5 15. Nd3
Na6 16. f4 exf4 17. Bxf4 Qe7 18. Nb5 Ne5 19. Rcd1 Nb4 20. Nxe5 Bxe5 21. Bxe5
Qxe5 22. Qg4 Nd3 23. Rd2 Nxb2 24. Nxd6 Qxd6 25. e5 Qe7 26. Rf6 Rfe8 27. Qh4 Ra6
1-0

[Event "BEM2013 Allgemeine Gruppe"]
[Site "Roses Westerndorf St. Peter"]
[Date "2013.08.28"]
[Round "6.2"]
[White "Baldauf, Marco"]
[Black "Willim, Michael"]
[Result "1-0"]
[WhiteElo "2412"]
[BlackElo "2111"]
[PlyCount "79"]
[EventDate "2013.??.??"]
[EventCountry "ESP"]
[WhiteTeam "SG Pang-Rosenheim 1910 e.V."]
[BlackTeam "SC Erlangen 48/88 e.V."]

1. d4 e6 2. c4 Nf6 3. Nc3 Bb4 4. f3 d5 5. a3 Bxc3+ 6. bxc3 c5 7. cxd5 Nxd5 8.
dxc5 Qa5 9. e4 Nf6 10. Be3 O-O 11. Qb3 Nfd7 12. a4 Qc7 13. Qa3 b6 14. a5 bxc5
15. Kf2 Ba6 16. Bxa6 Nxa6 17. Ne2 Ne5 18. Rhd1 Nc4 19. Bf4 Nxa3 20. Bxc7 Nxc7
21. Rxa3 Rab8 22. a6 Rb2 23. Ra5 Nb5 24. Kg3 g5 25. c4 Nc7 26. Rxc5 Nxa6 27.
Rxg5+ Kh8 28. Nf4 Rc2 29. Nh5 h6 30. Ra5 Rg8+ 31. Kf4 e5+ 32. Rxe5 Rxc4 33. Rd7
Nb4 34. Ree7 Rf8 35. Rxf7 Nd3+ 36. Ke3 Rxf7 37. Rxf7 Ne5 38. Rxa7 Kg8 39. Nf6+
Kf8 40. Nd7+ 1-0